02111nam a2200385Ia 4500001001200000003000800012006001900020007001500039008004100054020003200095040002100127035002000148050002400168082001700192110013900209245037500348260013300723300002400856500002000880500004300900504004100943533015200984630003701136650002701173650004801200650005201248650003201300655002901332700002201361710009401383710008801477710001701565856012601582999001701708ebr10072008CaPaEBRm u cr cn|||||||||050324s1988 dcua sb 000 0 eng d z0309581834 (electronic bk.) aCaPaEBRcCaPaEBR a(OCoLC)5859621714aTK5104b.N37 1988eb04a621.38252222 aNational Research Council (U.S.).bCommittee on Antennas, Satellite Broadcasting, and Emergency Preparedness for the Voice of America.10aAntennas, satellite broadcasting, and emergency preparedness for the Voice of Americah[electronic resource] :ba report /cprepared by the Committee on Antennas, Satellite Broadcasting, and Emergency Preparedness for the Voice of America, Board on Telecommunications and Computer Applications, Commission on Engineering and Technical Systems, National Research Council. aWashington, D.C. :bNational Academy Press :bAvailable from [the] Board on Telecommunications and Computer Applications,c1988. aviii, 58 p. :bill. aInterim report. aCommittee chairman : Robert P. Rafuse. aIncludes bibliographical references. aElectronic reproduction.bPalo Alto, Calif. :cebrary,d2009.nAvailable via World Wide Web.nAccess may be limited to ebrary affiliated libraries.00aVoice of America (Radio program) 0aAntennas (Electronics) 0aArtificial satellites in telecommunication. 0aEmergency communication systemszUnited States. 0aInternational broadcasting. 7aElectronic books.2local1 aRafuse, Robert P.2 aNational Research Council (U.S.).bBoard on Telecommunications and Computer Applications.2 aNational Research Council (U.S.).bCommission on Engineering and Technical Systems.2 aebrary, Inc.40uhttp://site.ebrary.com/lib/rucke/Doc?id=10072008zAn electronic book accessible through the World Wide Web; click to view c44229d44229